The European health report (Record no. 109525)
[ view plain ]
| 000 -LEADER | |
|---|---|
| fixed length control field | 01458nam a2200337Ia 4500 |
| 245 04 - TITLE STATEMENT | |
| Title | The European health report |
| 260 ## - PUBLICATION, DISTRIBUTION, ETC. (IMPRINT) | |
| Place of publication | Copenhagen : |
| Name of publisher | World Health Organization, WHO Regional Office for Europe, |
| Year of publication | c2009. |
| 300 ## - PHYSICAL DESCRIPTION | |
| Number of Pages | ix, 178 p. : |
| Other physical details | ill. (some col.). |
| 490 1# - SERIES STATEMENT | |
| Series statement | WHO regional publications. European series, |
| 650 #0 - SUBJECT ADDED ENTRY--TOPICAL TERM | |
| Topical Term | Environmental health |
| Topical Term | Health care reform |
| Topical Term | Health status indicators |
| Topical Term | Lifestyles |
| Topical Term | Medical policy |
| 856 40 - ELECTRONIC LOCATION AND ACCESS | |
| Uniform Resource Identifier | http://site.ebrary.com/lib/rucke/Doc?id=10367460 |
No items available.
